| 000 | 00563 a2200145 4500 | ||
|---|---|---|---|
| 082 | _aBICSE-6 | ||
| 100 |
_aWajahat Navid _992415 |
||
| 245 |
_aDesign and development of tunable radio Frequency Filter _cWajahat Navid |
||
| 260 |
_aIslamabad _bNUST School of Electrical Engineering and Computer Science _c2012 |
||
| 300 |
_a71p. _b:ill. _c:27cm.+ _eCD-ROM |
||
| 500 | _aSupervisors: Dr. Munir Tarar, Mr. Ahsan Azhar | ||
| 700 |
_aFahad Hassan, Adil Bin Shabbir _992416 |
||
| 856 | _uhttp://10.250.8.41:8080/xmlui/handle/123456789/11069 | ||
| 942 |
_cPR _kBICSE-6 WAJ _2ddc |
||
| 999 |
_c11249 _d11249 |
||